000 00726nam a2200169Ia 4500
008 100122s9999 xx 000 0 und d
082 _b69800
_a920
100 _aहंप्रस प्रतिभा
245 _aझुंज नियतीशी
260 _bसाकेत प्रकाशन
_c2006
300 _a192
520 _aसेरेब्रल पालसीने विकलांग झालेल्या मुलाची कथा
620 _aसेरेब्रल पालसीने विकलांग झालेल्या मुलाची कथा
630 _aझुंज नियतीशी
730 _aझुंज नियतीशी
942 _cBOOK
999 _c440957
_d440954